Obálka Náhled e-knihy:
Epub
Pro půjčování e-knih musíte být přihlášeni.
Jak si půjčit online?

Barvy krásy. Sophiiny sny /

Volné pokračování pohnutých osudů hlavní hrdinky Sofie. Román německé autorky odehrávající se v New Yorku během třicátých let 20. století.

Uloženo v:
Série:Barvy krásy, část 2
Hlavní autor: Bomann, Corina, 1974- (Autor)
Další autoři: Hoangová, Dagmar (Autor)
Médium: E-kniha
Jazyk:Czech
Vydáno: Praha : Ikar, 2022
Vydání:Vydání první
Témata:
Příbuzné jednotky:Přeloženo z: Farben der Schönheit
Z cyklu:: Barvy krásy
Tagy:
Žádné tagy
LEADER 02473nam a2200481 i 4500
001 311797
003 CZ PrSKC
005 20260601215712.0
007 ta
008 221122s2022 xr g 000 f cze
015 |a cnb003431064 
020 |a 9788024948874  |q (vázáno) 
035 |a (OCoLC)1369539530 
040 |a ABG001  |b cze  |e rda 
041 1 |a cze  |h ger 
072 7 |a 821.112.2-3  |x Německá próza, německy psaná  |2 Konspekt 
080 |a 821.112.2-31  |2 MRF 
080 |a (0:82-31)-055.2  |2 MRF 
100 1 |a Bomann, Corina,  |d 1974-  |7 xx0182405  |4 aut 
240 1 0 |a Sophias Träume.  |l Česky 
245 1 0 |a Barvy krásy.  |p Sophiiny sny /  |c Corina Bomannová ; z německého originálu Die Farben der Schönheit: Sophias Träume ... přeložila Dagmar Hoangová 
246 3 0 |a Sophiiny sny 
250 |a Vydání první 
264 1 |a Praha :  |b Ikar,  |c 2022 
300 |a 391 stran ;  |c 24 cm 
336 |a text  |b txt  |2 rdacontent 
337 |a bez média  |b n  |2 rdamedia 
338 |a svazek  |b nc  |2 rdacarrier 
500 |a Název v tiráži: Barvy krásy 2 
520 2 |a Volné pokračování pohnutých osudů hlavní hrdinky Sofie. Román německé autorky odehrávající se v New Yorku během třicátých let 20. století.  |b Sophia nečekala, že bude zase šťastná. Když přišla v Paříži o dítě, byla zoufalá. V New Yorku ale rozkvete. Nabídka charismatické majitelky kosmetické firmy Elizabeth Ardenová jí poskytne nečekanou šanci. Znenadání se Sophia ocitne uprostřed „pudrové války“, která zuří mezi Elizabeth Ardenovou a Helenou Rubinsteinovou. Najednou je ohrožena její láska, budoucnost a štěstí. Nakladatelská anotace. Kráceno. 
655 7 |a německé romány  |7 fd132945  |2 czenas 
655 7 |a romány pro ženy  |7 fd187897  |2 czenas 
655 9 |a German fiction  |2 eczenas 
655 9 |a women's novels  |2 eczenas 
700 1 |a Hoangová, Dagmar  |7 xx0068788  |4 trl 
765 0 |t Farben der Schönheit 
787 0 8 |i Z cyklu:  |t Barvy krásy  |g 2 
900 |a ABG001  |b 21 
928 9 |a Euromedia Group - Ikar 
044 |a xr 
910 |a RBIT002 
998 |d 366136  |a https://core.palmknihy.cz/api/books/366136/cover?rnvb1x  |b https://core.palmknihy.cz/api/books/366136/cover/400?rnvb1x  |c https://core.palmknihy.cz/api/books/366136/cover/50?rnvb1x  |e 2026-12-10  |g 392  |i 9788024948874  |j https://core.palmknihy.cz/api/books/366136/preview.epub  |l   |q 49  |r 1  |s https://www.palmknihy.cz/kniha/366136  |t ebook  |y 2022  |z 0  |v Barvy krásy  |w 2 
999 |d 311795